La crisis financiera internacional: su naturaleza y los desafíos de política económica /
La actual crisis financiera plantea distintos tipos de interrogantes, que van desde sus orígenes, sus particularidades y los factores que la potenciaron, hasta qué puede hacerse para evitar su profundización y cómo evitar crisis similares en el futuro. Algunos de todos estos temas se discuten en el...
Guardado en:
| Hovedforfatter: | |
|---|---|
| Format: | Texto |
| Fag: | |
| Tags: |
Tilføj Tag
Ingen Tags, Vær først til at tagge denne postø!
|
MARC
| LEADER | 00000 a a2200000 04500 | ||
|---|---|---|---|
| 001 | 40679 | ||
| 003 | |||
| 040 | |||
| 100 | |a Machinea, José Luis | ||
| 245 | |a La crisis financiera internacional: |b su naturaleza y los desafíos de política económica / |c José Luis Machinea | ||
| 500 | |a jl.machinea@uah.es | ||
| 520 | |a La actual crisis financiera plantea distintos tipos de interrogantes, que van desde sus orígenes, sus particularidades y los factores que la potenciaron, hasta qué puede hacerse para evitar su profundización y cómo evitar crisis similares en el futuro. Algunos de todos estos temas se discuten en el presente artículo. | ||
| 590 | |a RRH/MAYO2011 | ||
| 650 | |a CRISIS ECONOMICA | ||
| 650 | |a MERCADO FINANCIERO | ||
| 650 | |a POLITICA ECONOMICA | ||
| 650 | |a CREDITO | ||
| 650 | |a MACROECONOMIA | ||
| 650 | |a PAISES MENOS DESARROLLADOS | ||
| 650 | |a ESTADOS UNIDOS | ||
| 773 | |g número97 (2009), páginas 33-56 : tablas, gráficos | ||
| 999 | |c 21257 |d 21257 | ||
